| 000 | 00627nam a2200205Ia 4500 | ||
|---|---|---|---|
| 003 | GCL | ||
| 008 | 140319s9999 xx 000 0 ara d | ||
| 040 |
_aGCL / _cGCL |
||
| 082 | 0 | 4 |
_a842 _bل ش |
| 100 | 1 | _aليرو، جاستون (نص روائى) | |
| 245 | 1 | 0 |
_aسبح الاوبرا / _cليرو، جاستون (نص روائى) |
| 700 | 1 | _aهارت, تشارلز | |
| 260 |
_a[S.N] : _bدار سعاد الصباح ، _c1993 |
||
| 300 | _a163 ص | ||
| 490 | _a | ||
| 650 | 0 | 4 | _aالمسرح الفرنسى |
| 650 | 0 | 4 | _aالادب الفرنسى |
| 650 | 0 | 4 | _aالمسرحيات الفرنسية |
| 942 |
_2ddc _cBK |
||
| 999 |
_c34642 _d34642 |
||